1192 1471 1868 1615 1028 1850 1591 1564 1798 1418 1082 1699 1697 1258 1449 1050 1779 1664 1424 1821 1605 1037 1782 1129 1587 1308 1620 1776 1552 1652 1932 1642 1223 1357 1584 1100 1848 1384 1740 1209 1060 1996 1524 1998 1806 1076 1352 1448 1023 1223 1984 1796 1461 1461 1694 1528 1187 1435 1295 1788 1082 1838 1582 1009 1091 1213 1556 1907 1189 1219 1037 1638 1270 1938 1506 1665 1589 1022 1788 1778 1265 1955 1000 1839 1227 1072 1805 1490 1783 1639 1152 1877 1807 1913 1932 1474 1681 1017 1289 BCNSPRNW ULIB Ver.6.0+V

เปลี่ยนเป็นภาษาไทย

Change to English
 แสดงรายละเอียดบรรณานุกรม
  กลับหน้าหลัก

Brief Record : Get Marc (ISO 2709) : E-mail record : QR code < ปิดหน้าต่าง
LEADER : 00000nam 2200000uu 4500
001    13399112067
003     ULIB
008    110627s2553||||th 000 0 tha d
090    นว.^bก535T 2553
100 0  ก้าวไกล
245 00 The House บ้านเช่า...วิญญาณหลอน/^cก้าวไกล
250    พิมพ์ครั้งที่ 1
260    กรุงเทพฯ :^bโซฟา,^c2553
300    248 หน้า
710 1  โซฟา
945    ^p185^l0^i028066
995    ทศพร
999 ^a ใช้งานได้ทุกระบบ
รายการนี้ยังไม่มีแท็ก
คุณยังไม่ได้ล็อกอิน คุณสามารถมีกิจกรรมร่วมกับเว็บไซต์ได้ แต่ต้องล็อกอินก่อน ::
  ล็อกอิน

รายการสื่อสารสนเทศ

ลำดับที่ ประเภท เลขเรียก/บาร์โค้ด สถานที่ สถานะ
- ไม่พบข้อมูล -

BibComment


ยังไม่เคยถูกคอมเมนท์

คอมเมนท์ทรัพยากรรายการนี้
  คอมเมนท์: The House บ้านเช..


 Copyright 2026. Bcnsprnw @Library